banner koha

Evapotranspiracao da cultura (ETc)do arroz (Oryza sativa L.), cultivar Rio Paranaiba, irrigado por aspersao (Registro n. 287398)

MARC details
000 -LÍDER
campo de controle de tamanho fixo 01009nac a22003017a 4500
001 - NÚMERO DE CONTROLE
campo de controle BR9603937
003 - IDENTIFICADOR DO NÚMERO DE CONTROLE
campo de controle BR-BrBNA
005 - DATA E HORÁRIO DA ÚLTIMA TRANSAÇÃO
campo de controle 20240105121758.0
008 - CAMPO DE DADOS FIXOS--INFORMAÇÃO GERAL
campo de controle de tamanho fixo 230509b bl.|||m| |||| 00| 0 por d
040 ## - FONTE DA CATALOGAÇÃO
Instituição da catalogação original BR-BrBNA
Idioma da catalogação por
Instituição que transcreveu o registro Biblioteca Nacional de Agricultura
072 ## - CÓDIGO DE CATEGORIA DE ASSUNTO
Código de Categoria de Assunto F06; F60
090 ## - NÚMERO DE CHAMADA LOCAL
Número de chamada 0150 BR9603937
100 1# - ENTRADA PRINCIPAL--NOME PESSOAL
Nome pessoal Ramos, M.M.
100 1# - ENTRADA PRINCIPAL--NOME PESSOAL
Nome pessoal Rocha, I. de B.
100 1# - ENTRADA PRINCIPAL--NOME PESSOAL
Nome pessoal Vieira, H.A.
100 1# - ENTRADA PRINCIPAL--NOME PESSOAL
Nome pessoal Sediyama, G.C.
110 1# - ENTRADA PRINCIPAL--NOME CORPORATIVO
Nome corporativo ou nome da jurisdição Associacao dos Engenheiros Agricolas de Minas Gerais, Vicosa (Brasil)
9 (RLIN) 584
245 1# - TÍTULO
Título Evapotranspiracao da cultura (ETc)do arroz (Oryza sativa L.), cultivar Rio Paranaiba, irrigado por aspersao
260 3# - PUBLICAÇÃO, DISTRIBUIÇÃO, ETC.
Local de publicação, distribuição, etc. Vicosa, MG (Brasil):
Data da publicação, distribuição, etc. 1992.
300 ## - DESCRIÇÃO FÍSICA
Extensão 12 p.
490 ## - TÍTULO DA SÉRIE
Título da série Engenharia na Agricultura. Serie Irrigacao e Drenagem (Brazil)
Número do volume ou designação sequencial da série v. 1(8)
ISSN - International Standard Serial Number
500 ## - NOTA GERAL
Nota geral Summaries (En, Pt); 12 ref.
650 ## - ASSUNTO--TERMO TÓPICO
Cabeçalho tópico ou nome geográfico Arroz
650 ## - ASSUNTO--TERMO TÓPICO
Cabeçalho tópico ou nome geográfico Cultura Irrigada
650 ## - ASSUNTO--TERMO TÓPICO
Cabeçalho tópico ou nome geográfico Evapotranspiracao
909 ## -
-- 202312
-- Lúcia Elande
-- 55
-- Lúcia Elande
942 ## - ELEMENTOS DE ENTRADA ADICIONADOS (KOHA)
Fonte da classificação ou esquema de arquivamento na estante Classificação AGRIS
Ocultar no OPAC Não
Tipo de material Koha Monografia Seriada
Exemplares
Situação do descarte Fonte da classificação ou esquema de arquivamento na estante Situação física Não pode ser emprestado Coleção Biblioteca de origem Biblioteca atual Localização na estante Total de empréstimos Número de telefone completo Código de barras Data de último acesso Tipo de material Koha Fonte de aquisição
  Classificação AGRIS       Biblioteca Nacional de Agricultura - Binagri Biblioteca Nacional de Agricultura - Binagri Agrobase - Acervo Geral   0150 BR9603937 0150 BR9603937 18/12/2023 Monografia Seriada Portaria Interministerial nº 164/94

BINAGRI

Telefone: (61)3218-2567/2388/3357/2097 - binagri@agro.gov.br

Ministério da Agricultura e Pecuária , Esplanada dos Ministérios, Bloco D, Anexo B, Brasília/DF, CEP: 70.043-900